UM Logo

Investment mathematics: (Record no. 2838)

MARC details
000 -LEADER
fixed length control field 00497nam a22001697a 4500
008 - FIXED-LENGTH DATA ELEMENTS--GENERAL INFORMATION
fixed length control field 160527b xxu||||| |||| 00| 0 eng d
020 ## - INTERNATIONAL STANDARD BOOK NUMBER
International Standard Book Number 9789719449324
082 ## - DEWEY DECIMAL CLASSIFICATION NUMBER
Edition number 2009
Classification number DFil 650.01
Item number B21
100 ## - MAIN ENTRY--PERSONAL NAME
9 (RLIN) 9429
Personal name Ballada, Win
245 ## - TITLE STATEMENT
Title Investment mathematics:
Remainder of title made easy/
Statement of responsibility, etc. Win Ballada
250 ## - EDITION STATEMENT
Edition statement 3rd Edition
260 ## - PUBLICATION, DISTRIBUTION, ETC. (IMPRINT)
Place of publication, distribution, etc. Manila:
Name of publisher, distributor, etc. Made Easy Books,
Date of publication, distribution, etc. c2009.
300 ## - PHYSICAL DESCRIPTION
Extent x, 320 pages:
Dimensions 25 cm.
650 #0 - SUBJECT ADDED ENTRY--TOPICAL TERM
9 (RLIN) 9434
Topical term or geographic name as entry element Business mathematics
700 ## - ADDED ENTRY--PERSONAL NAME
9 (RLIN) 9435
Personal name Ballada, Susan
942 ## - ADDED ENTRY ELEMENTS (KOHA)
Source of classification or shelving scheme Dewey Decimal Classification
Koha item type Filipiniana
Holdings
Withdrawn status Lost status Source of classification or shelving scheme Damaged status Not for loan Collection code Home library Current library Shelving location Date acquired Source of acquisition Total Checkouts Full call number Barcode Date last seen Price effective from Koha item type
    Dewey Decimal Classification     Filipiniana UM Digos College - LIC UM Digos College - LIC Book Cart 07/20/2010 Donation   DFil 650.01 B21i 2009 20838 05/15/2025 05/27/2016 Filipiniana